00609 a2200193 4500008004100000010001700041020002300058035001700081037003700098040001800135082001000153100002100163245008500184260003900269270005200308300002100360700001500381700001900396090219t xxu||||| |||| 00| 0 eng d aB-341815-842 a8189855050c200.00 aB-341815-842 bNorth India Pub. & Distributors  adplbEnglish  a338.5 aChaturvedi, D.D. aPrinciples of Micro economics /cby D.D.Chaturvedi, Aruna Rao [and] Anand Mittal aDelhibBook Age Publicationsc2007 aH-87, Lalita Park, Luxmi Nagar, bDelhie110092 a474p.c24cm(pbk) aRao, Aruna aMittal, Anand